Caracterización de la problemática de la vivienda en el contexto de la situación de pobreza crítica urbana /

Spremljeno u:
Bibliografski detalji
Glavni autor: Romero, Carmen María
Daljnji autori: O, Julia de la Gallegos, Gabriel
Format: Tekst
Izdano: San José: Instituto Centroamericano de Adminsitarción Pública (ICAP)
Oznake: Dodaj oznaku
Bez oznaka, Budi prvi tko označuje ovaj zapis!

MARC

LEADER 00000 a a2200000 04500
001 21299
003
040
090 |a 093100  
100 |a Romero, Carmen María  
245 |a Caracterización de la problemática de la vivienda en el contexto de la situación de pobreza crítica urbana /  |c Carmen María Romero 
260 |a San José:   |b Instituto Centroamericano de Adminsitarción Pública (ICAP)  
300 |a 117 p.  
700 |a O, Julia de la   |a Gallegos, Gabriel  
999 |c 17199  |d 17199